| 000 | 00550nam a2200241 a 4500 | ||
|---|---|---|---|
| 001 | nice12345678 | ||
| 003 | IN_TiNIC | ||
| 005 | 20260116011359.0 | ||
| 008 | 050524s1926 laha grs 000 0 49g | ||
| 020 |
_a _c100 |
||
| 082 | 0 | 0 |
_a229 _bWHI |
| 100 | _aWhite, H U | ||
| 245 | _aApocrypha. | ||
| 260 |
_aLahore _bMasihi Press _c1926 |
||
| 300 | _a113p | ||
| 500 | _aincludes index and biblioraphy | ||
| 505 | 2 | _aHand Written Manuscript | |
| 650 | _aApocrypha | ||
| 700 | 1 | _aWhite, H U | |
| 902 | _bRBA | ||
| 942 | _cPS | ||
| 999 |
_c1024 _d1024 |
||